000 aam a22 a 4500
999 _c323198
_d323198
003 BLK
005 20230406030530.0
008 180925b bul||||| |||| 00| 0 bul d
020 _a978-619-204-116-8
040 _aBLK
041 _aBUL
_cBUL
072 _9178370
_aЯ
_xАвтографи
080 _aБългарска литература
_b821.163.2
_x.09
_z821.163.2.09
100 _aПавлова, Лалка
_9390061
245 _aДуховни вселени : Андрей Андреев, Боян Ангелов, Вътьо Раковски, Георги Джагаров, Димитър Христов, Иван Гранитски, Иван Есенски, Иван Радоев, Йордан Радичков, Кирил Кадийски, Найден Вълчев, Никола Ракитин
_bлитературна критика
_cЛалка Павлова
257 _aBGR
260 _bБългарски писател
_c2018
_aСофия
300 _a157 с. : с ил.
_c20 см
380 _a82
500 _aЖивотът като сън и сътворение / Боян Ангелов: с. 5-6. - Кн. е илюстрирана с рис. на Калин Павлов
650 0 _aБългарска литература - история
_9246271
653 7 _9189421
_aкритика
852 _bЦб
_aЦб 290394
942 _cKNG
_2udc
_n0
999 _d323198
999 _d323198
999 _d323198
999 _d323198